000 01335cad a22002295a 4500
001 E145744
008 081105s2008 xxk f s000 0 eng d
035 _a(Sirsi) u145744
041 0 _aeng
050 0 4 _a634.92 $2 18
110 2 _aForestry Commission Scotland
_95586
245 0 0 _aClimate change and the national forest estate
_bconsultation on forestry provisions in the Scottish Climate Change Bill
_h[electronic resource]
260 _aEdinburgh
_bForestry Commission Scotland
_c2008
520 _aForestry Commission Scotland has been tasked by the Scottish Government with exploring options to assist the fight against climate change by better use of the national forest estate. Such proposals should, however, maintain the existing public benefits that the estate provides. This consultation paper relates to legal provisions in the Scottish Climate Change Bill that may be required to enable the necessary action to take place. Deadline for comments is 27 January 2009.
521 _aAdvanced
590 _aKA
650 2 4 _aSCOTTISH CLIMATE CHANGE BILL
651 4 _aScotland
_y1999-
690 _aENVIRONMENTAL AND LAND CONSULTANCY-FORESTRY AND WOODLAND MANAGEMENT-FORESTRY
856 4 8 _uhttps://www.forestry.gov.uk/forestry/INFD-7KUMVM
_zView the consultation free of charge at www.forestry.gov.uk...
942 _n0
999 _c108897
_d108897